Statistics for All Kit Kat Flavors Text Quiz

Click here to take the quiz!

General Stats

  • This quiz has been taken 11 times
  • The average score is 9 of 74

Answer Stats

CountryKit Kat Flavor% Correct
JapanStrawberry
88%
JapanBanana
63%
JapanLemon cheesecake
63%
JapanMatcha
63%
JapanApple
50%
JapanBlueberry cheesecake
50%
JapanCherry blossom green tea latte
50%
JapanCherry
38%
JapanPear
38%
JapanPumpkin
38%
JapanButter
25%
JapanCantaloupe
25%
JapanCaramel macchiato McFlurry
25%
JapanCherry blossom mochi
25%
JapanCinnamon cookie
25%
JapanMaple
25%
JapanOkinawa sweet potato
25%
United KingdomOriginal
25%
JapanSake
25%
JapanWatermelon
25%
JapanBlack tea
13%
JapanCorn
13%
JapanCreme brulée
13%
JapanGreen bean
13%
JapanOreo ice cream
13%
JapanRamune soda
13%
JapanRaspberry passionfruit
13%
JapanRuby chocolate
13%
JapanSoy sauce
13%
JapanWasabi
13%
JapanAmazake
0%
JapanBakeable custard
0%
JapanBaked potato
0%
JapanBrown sugar syrup
0%
JapanCafe au lait
0%
JapanCappucino
0%
JapanChestnut
0%
JapanChocobanana
0%
JapanCitrus golden blend
0%
JapanCough Drop
0%
JapanDouble cookie
0%
JapanEdamame
0%
JapanEuropean cheese
0%
JapanExotic Tokyo
0%
JapanFruit parfait
0%
JapanGinger ale
0%
JapanGolden citrus
0%
JapanHōjicha
0%
JapanHokkaido cheese and chocolate
0%
JapanHokkaido melon with mascarpone cheese
0%
JapanHokkaido roasted corn
0%
JapanHot Japanese chili
0%
JapanKinako
0%
JapanKobe pudding
0%
JapanKuchidoke kakao
0%
JapanMelon and cheese
0%
JapanMiso soup
0%
JapanMuscat of Alexandria
0%
JapanRed potato
0%
JapanRilakkuma hotcake
0%
JapanRock salt
0%
JapanRoyal milk tea
0%
JapanSalt and caramel
0%
JapanShikuwasa
0%
JapanShinshu apple
0%
JapanSoy flour
0%
JapanStrawberry cheesecake
0%
JapanSweet pudding
0%
JapanTokyo banana
0%
JapanTriple berry swirl
0%
JapanVegetable juice
0%
JapanYokohama cheesecake
0%
JapanYūbari melon
0%
JapanYuzu
0%

Score Distribution

Percentile by Number Answered

Percent of People with Each Score

Your Score History

You have not taken this quiz